Welcome to WEB OPAC of MRSPTU Central Library

Marketing management in the Indian background (Record no. 5554)

MARC details
000 -LEADER
fixed length control field 00440nam a2200169Ia 4500
008 - FIXED-LENGTH DATA ELEMENTS--GENERAL INFORMATION
fixed length control field 230711s9999||||xx |||||||||||||| ||und||
020 ## - INTERNATIONAL STANDARD BOOK NUMBER
International Standard Book Number 978-81-272-6237-2
041 ## - LANGUAGE CODE
Language code of text/sound track or separate title ENG
082 ## - DEWEY DECIMAL CLASSIFICATION NUMBER
Classification number 658
Item number SO-M
100 ## - MAIN ENTRY--PERSONAL NAME
Personal name Sontakki,C.N
245 #0 - TITLE STATEMENT
Title Marketing management in the Indian background
250 ## - EDITION STATEMENT
Edition statement 5th Ed.
260 ## - PUBLICATION, DISTRIBUTION, ETC.
Date of publication, distribution, etc. 2012
Place of publication, distribution, etc. New Delhi
Name of publisher, distributor, etc. Kalyani Publishers House
300 ## - PHYSICAL DESCRIPTION
Extent 953
650 ## - SUBJECT ADDED ENTRY--TOPICAL TERM
Topical term or geographic name entry element UNIVESITY BUSNIESS SCHOOL
942 ## - ADDED ENTRY ELEMENTS (KOHA)
Koha item type Book
Holdings
Withdrawn status Lost status Damaged status Not for loan Collection Home library Current library Date acquired Total checkouts Full call number Barcode Date last seen Date last checked out Price effective from Koha item type
          MRSPTU Central Library MRSPTU Central Library   2 658 SO-M 24820 11/25/2024 11/04/2024 08/17/2023 Book
          MRSPTU Central Library MRSPTU Central Library   2 658 SO-M 24821 12/29/2025 12/10/2025 08/17/2023 Book
          MRSPTU Central Library MRSPTU Central Library   3 658 SO-M 24822 01/02/2025 12/16/2024 08/17/2023 Book
          MRSPTU Central Library MRSPTU Central Library     658 SO-M 24823 08/17/2023   08/17/2023 Book
          MRSPTU Central Library MRSPTU Central Library     658 SO-M 24824 08/17/2023   08/17/2023 Book
          MRSPTU Central Library MRSPTU Central Library   3 658 SO-M 24825 01/02/2025 12/11/2024 08/17/2023 Book
          MRSPTU Central Library MRSPTU Central Library     658 SO-M 24826 08/17/2023   08/17/2023 Book
          MRSPTU Central Library MRSPTU Central Library     658 SO-M 24827 08/17/2023   08/17/2023 Book
          MRSPTU Central Library MRSPTU Central Library     658 SO-M 24828 08/17/2023   08/17/2023 Book
          MRSPTU Central Library MRSPTU Central Library     658 SO-M 24829 08/17/2023   08/17/2023 Book
          MRSPTU Central Library MRSPTU Central Library     658 SO-M 24830 08/17/2023   08/17/2023 Book
          MRSPTU Central Library MRSPTU Central Library   2 658 SO-M 24831 11/25/2024 11/04/2024 08/17/2023 Book
          MRSPTU Central Library MRSPTU Central Library     658 SO-M 24832 08/17/2023   08/17/2023 Book
          MRSPTU Central Library MRSPTU Central Library     658 SO-M 24833 08/17/2023   08/17/2023 Book
          MRSPTU Central Library MRSPTU Central Library     658 SO-M 24834 08/17/2023   08/17/2023 Book
          MRSPTU Central Library MRSPTU Central Library   1 658 SO-M 24835 08/14/2025 08/08/2025 08/17/2023 Book
          MRSPTU Central Library MRSPTU Central Library   2 658 SO-M 24836 11/25/2024 11/04/2024 08/17/2023 Book
          MRSPTU Central Library MRSPTU Central Library     658 SO-M 24837 08/17/2023   08/17/2023 Book
          MRSPTU Central Library MRSPTU Central Library     658 SO-M 24838 08/17/2023   08/17/2023 Book
          MRSPTU Central Library MRSPTU Central Library   2 658 SO-M 24839 01/17/2025 12/02/2024 08/17/2023 Book

Website Designed and Developed by MRSPTU Central Library Team

E-mail Id: librarian@mrsptu.ac.in